Music Quiz

Random Music or Artist Quiz
Score 0/30 Timer 06:00
1 Play Today
2 Hit Songs 'T' Band/Artist % Correct
Rosanna
Africa
Toto
83.6%
What's Love Got to Do With It
Private Dancer
Tina Turner
81%
Waterfalls
No Scrubs
TLC
76.7%
Man! I Feel Like a Woman!
That Don't Impress Me Much
Shania Twain
75.7%
My Girl
Papa Was a Rolling Stone
The Temptations
75.4%
Mirrors
Cry Me a River
Justin Timberlake
74.3%
Drops of Jupiter
Hey, Soul Sister
Train
74.2%
Everybody Wants to Rule the World
Shout
Tears for Fears
66.1%
Fire and Rain
Sweet Baby James
James Taylor
61.3%
We're Not Gonna Take It
I Wanna Rock
Twisted Sister
59.7%
Once in a Lifetime
Burning Down the House
Talking Heads
55.1%
Happy Together
Elenore
The Turtles
49%
Joy to the World
Mama Told Me (Not to Come)
Three Dog Night
47%
Semi-Charmed Life
Jumper
Third Eye Blind
46.2%
Apologize ft. OneRepublic
If We Ever Meet Again ft. Katy Perry
Timbaland
42.4%
2 Hit Songs 'T' Band/Artist % Correct
Buy U a Drank (Shawty Snappin') ft. Yung Joc
Bartender ft. Akon
T-Pain
35%
Hold Me Now
Lay Your Hands On Me
Thompson Twins
34.6%
Suddenly I See
Black Horse and the Cherry Tree
KT Tunstall
34.1%
That's Not My Name
Shut Up and Let Me Go
The Ting Tings
31.1%
Sober
Schism
Tool
27.5%
Istanbul (Not Constantinople)
Birdhouse In Your Soul
They Might Be Giants
26.2%
Coming Up Close
Voices Carry
'Til Tuesday
25.1%
Wonderboy
Tribute
Tenacious D
22.3%
Pump Up the Jam
Move This
Technotronic
22%
Lonely No More
This Is How a Heart Breaks
Rob Thomas
21.3%
Handle With Care
End of the Line
Traveling Wilburys
20.3%
Sweet Disposition
Soldier On
The Temper Trap
20.3%
Never Too Late
Just Like You
Three Days Grace
8.7%
Caribou Lou
Erbody But Me
Tech N9ne
6.8%
Nine Types Of Light
Dear Science
TV on the Radio
6.7%

You're not logged in!

Compare scores with friends on all Sporcle quizzes.
OR
Log In

Sporcle TV

Today on Sporcle TV


Watch our educational content, quiz creation guides, and fun videos on Sporcle TV.

Show Comments

Extras

Top Quizzes Today


Score Distribution

Your Account Isn't Verified!

In order to create a playlist on Sporcle, you need to verify the email address you used during registration. Go to your Sporcle Settings to finish the process.

Report this User

Report this user for behavior that violates our Community Guidelines.

Details: